00694nam a2200169 i 450000100060000000300090000600500170001500700030003200800410003524502670007626000520034330000370039565000260043270000230045870000220048185200210050344990ES-MaACL20250723061829.0t|030324s1906 gw ||||1| ger d03aLo Codi b: eine Summa Codicis in provenzalischer Sprache aus der Mitte des XII. Jahrhunderts / cherausgegeben von Hermann Fitting und Hermann Suchier. Erste Teil, Lo Codi in der lateinischen Ubersetzung des Ricardus Pisanus / herausgegeben von Hermann Fitting. aHalle : bMax Niemeyer, c1906 (fWaisenhanses) aX, 385 p., III lám. ; c24 cm.07aDerecho romano2embne1 aPisanus, Ricardus.1 aFitting, Hermann. aES-MaACLjC-6604